LEADER 03772nam 2200733Ia 450 001 9910973468903321 005 20251117072433.0 010 $a9786612361098 010 $a9781282361096 010 $a1282361090 010 $a9780520944527 010 $a0520944526 024 7 $a10.1525/9780520944527 035 $a(CKB)1000000000811826 035 $a(EBL)470910 035 $a(OCoLC)559016244 035 $a(SSID)ssj0000297858 035 $a(PQKBManifestationID)11230036 035 $a(PQKBTitleCode)TC0000297858 035 $a(PQKBWorkID)10343896 035 $a(PQKB)10681481 035 $a(StDuBDS)EDZ0000055776 035 $a(MdBmJHUP)muse30698 035 $a(DE-B1597)519600 035 $a(OCoLC)1018032451 035 $a(DE-B1597)9780520944527 035 $a(Au-PeEL)EBL470910 035 $a(CaPaEBR)ebr10343492 035 $a(CaONFJC)MIL236109 035 $a(MiAaPQ)EBC470910 035 $a(Perlego)551401 035 $a(iGPub)CSPLUS0075175 035 $a(EXLCZ)991000000000811826 100 $a20090501d2009 uy 0 101 0 $aeng 135 $aur|n|---||||| 181 $ctxt 182 $cc 183 $acr 200 10$aGrass $ein search of human habitat /$fJoe C. Truett ; foreword by Harry W. Greene 205 $a1st ed. 210 $aBerkeley $cUniversity of California Press$d2009 215 $a1 online resource (237 p.) 215 $a1 online resource 225 0 $aOrganisms and Environments ;$v11 300 $aDescription based upon print version of record. 311 08$a9780520258396 311 08$a0520258398 320 $aIncludes bibliographical references and index. 327 $tFrontmatter -- $tContents -- $tForeword -- $tAcknowledgments -- $tPrologue -- $t1. Promethean Legacy -- $t2. Out of the Forest -- $t3. Science and Faith -- $t4. Playing God -- $t5. Pleasing to the Eye -- $t6. Where the Short Grass Grows -- $t7. Turf -- $t8. Grass and Grazers: An Ecological Primer -- $t9. Bison Plains and Prairie Dogs -- $t10. Taming of the West -- $t11. Production Science Comes to the Range -- $t12. The Last Pariah -- $t13. The Trouble with Livestock -- $t14. Subsidizing John Wayne -- $t15. Collateral Damage -- $t16. Cowboy -- $t17. Resurrection -- $t18. Pleistocene Park -- $t19. Diversity -- $t20. Long Road Home -- $tEpilogue -- $tNotes -- $tReferences -- $tIndex 330 $aPart autobiography, part philosophical rumination, this evocative conservation odyssey explores the deep affinities between humans and our original habitat: grasslands. In a richly drawn, anecdotally driven narrative, Joe C. Truett, a grasslands ecologist who writes with a flair for language, traces the evolutionary, historical, and cultural forces that have reshaped North American rangelands over the past two centuries. He introduces an intriguing cast of characters-wildlife and grasslands biologists, archaeologists, ranchers, and petroleum geologists-to illuminate a wide range of related topics: our love affair with turf and how it manifests in lawns and sports, the ecological and economic dimensions of ranching, the glory of cowboy culture, grasslands and restoration ecology, and more. His book ultimately provides the background against which we can envision a new paradigm for restoring rangeland ecosystems-and a new paradigm for envisioning a more sustainable future. 410 0$aOrganisms and environments ;$v11. 606 $aGrassland ecology 606 $aGrasslands 606 $aGrasses 615 0$aGrassland ecology. 615 0$aGrasslands. 615 0$aGrasses. 676 $a578.740978 700 $aTruett$b Joe C$g(Joe Clyde),$f1941-$01614741 906 $aBOOK 912 $a9910973468903321 996 $aGrass$94551304 997 $aUNINA